Por qué no podemos ser cristianos (Y menos aún católicos).
Sparad:
| Huvudupphovsman: | |
|---|---|
| Övriga upphovsmän: | |
| Materialtyp: | Bok |
| Språk: | engelska |
| Publicerad: |
Buenos Aires, Argentina:
Del Nuevo Extremo,
2008.
|
| Upplaga: | Primera edición. |
| Serie: | RBA.
|
| Ämnen: | |
| Taggar: |
Lägg till en tagg
Inga taggar, Lägg till första taggen!
|
MARC
| LEADER | 00000nam a22000007a 4500 | ||
|---|---|---|---|
| 003 | CL-VaPUC | ||
| 005 | 20230927162003.0 | ||
| 008 | 230921b ||||| |||| 00| 0 eng d | ||
| 999 | |c 441823 |d 441821 | ||
| 020 | |a 978-987-609-116-9 | ||
| 040 | |c Pontificia Universidad Católica de Valparaíso | ||
| 082 | |2 22 |a 230.01 ODI 2008 | ||
| 100 | |9 884687 |a Odifreddi, Piergiorgio |e autor | ||
| 245 | |a Por qué no podemos ser cristianos (Y menos aún católicos). | ||
| 250 | |a Primera edición. | ||
| 260 | |a Buenos Aires, Argentina: |b Del Nuevo Extremo, |c 2008. | ||
| 300 | |a 301 páginas. | ||
| 490 | |a RBA. | ||
| 500 | |a c.1 Donación Sr. Jorge Precht Pizarro. 26-05-23. Biblioteca Teología. | ||
| 583 | |c 20230921 |k Yessy Sthefany Diaz Vidal | ||
| 650 | 0 | |9 257361 |a Cristianismo |x Biblia |v Crítica e interpretación | |
| 650 | 0 | |9 266954 |a Existencia de Dios |x Cuestionamiento |x Aspectos históricos, filosóficos y religiosos | |
| 650 | 0 | |9 258690 |a Catolicismo |x Contradicciones | |
| 700 | |9 884688 |a Vitale, Juan Carlos |e traductor | ||
| 942 | |2 ddc |c BK | ||
| 952 | |0 0 |1 0 |2 ddc |4 0 |6 230_010000000000000_ODI_2008 |7 0 |8 A |9 591626 |a BIBTEO |b BIBTEO |d 2023-09-21 |e Donación |i 5658673 |l 1 |m 1 |o 230.01 ODI 2008 |p 5658673 |r 2024-01-18 |s 2023-11-15 |t 1 |w 2023-09-21 |y BK |k ICR | ||